LEADER 00941nam0-22003011i-450- 001 990003904810403321 010 $a88-464-2850-1 035 $a000390481 035 $aFED01000390481 035 $a(Aleph)000390481FED01 035 $a000390481 100 $a20020411d2001----km-y0itay50------ba 101 0 $aita 102 $aIT 200 1 $aInsegnare l'informatica in azienda$etecniche e metodologie per la formazione all'uso del computer nel mondo del lavoro$fMaurizio Duse 210 $aMilano$cFranco Angeli$dc2001 215 $a101 p.$d23 cm 225 1 $aFormazione permanente$hSez. 2$iNuove tecniche$v84 610 0 $aInformatica$aInsegnamento$aAzienda 676 $a004.07155 700 1$aDuse,$bMaurizio$0382666 801 0$aIT$bUNINA$gRICA$2UNIMARC 901 $aBK 912 $a990003904810403321 952 $aVII-A-158$b8834$fMAS 959 $aMAS 996 $aInsegnare l'informatica in azienda$9516637 997 $aUNINA LEADER 01033nam--2200349---450 001 990001980670203316 005 20201110105046.0 010 $a978-88-15-11930-8 035 $a000198067 035 $aUSA01000198067 035 $a(ALEPH)000198067USA01 035 $a000198067 100 $a20040903d2007----km-y0itay50------ba 101 0 $aita 102 $aIT 105 $ay|||z|||001yy 200 1 $aVisibilmente crudeli$emalviventi, persone sospette e gente qualunque dal Medioevo all'età moderna$fGiacomo Todeschini 210 $aBologna$cIl Mulino$d2007 215 $a309 p.$d21 cm 225 2 $aSaggi$v681 410 0$12001$aSaggi 606 0 $aEmarginazione sociale$yEuropa$zSec. 9.-16. 606 0 $aPauperismo$yEuropa$zSec. 9.-16. 676 $a305.568094 700 $aTODESCHINI,$bGiacomo$0148456 801 0$aIT$bsalbc$gISBD 912 $a990001980670203316 951 $aX.1.B. 1086$b203212 L.M.$cX.1.$d00065932 959 $aBK 969 $aUMA 996 $aVisibilmente crudeli$9783583 997 $aUNISA